Chemistry and pharmacology of naturally occurring bioactive compounds / (Record no. 21382)
[ view plain ]
| 000 -LEADER | |
|---|---|
| fixed length control field | 01506cam a22002655a 4500 |
| 001 - CONTROL NUMBER | |
| control field | 17718322 |
| 005 - DATE AND TIME OF LATEST TRANSACTION | |
| control field | 20160313134858.0 |
| 008 - FIXED-LENGTH DATA ELEMENTS--GENERAL INFORMATION | |
| fixed length control field | 130430t2013 flua frb 001 0 eng d |
| 020 ## - INTERNATIONAL STANDARD BOOK NUMBER | |
| International Standard Book Number | 9781439891674 (hardback : alk. paper) |
| 040 ## - CATALOGING SOURCE | |
| Original cataloging agency | NLM |
| Language of cataloging | eng |
| Description conventions | rda |
| Transcribing agency | NLM |
| Modifying agency | BTCTA |
| -- | UKMGB |
| -- | YDXCP |
| -- | BWX |
| -- | GZU |
| -- | STF |
| -- | OCLCO |
| -- | OBE |
| -- | UWW |
| -- | OCLCF |
| -- | ZWZ |
| -- | DLC |
| -- | EG-ScBUE |
| 082 04 - DEWEY DECIMAL CLASSIFICATION NUMBER | |
| Classification number | 615.1 |
| Edition number | 22 |
| Item number | CHE |
| 245 00 - TITLE STATEMENT | |
| Title | Chemistry and pharmacology of naturally occurring bioactive compounds / |
| Statement of responsibility, etc | edited by Goutam Brahmachari. |
| 260 ## - PUBLICATION, DISTRIBUTION, ETC. (IMPRINT) | |
| Place of publication, distribution, etc | Boca Raton : |
| Name of publisher, distributor, etc | CRC Press / Taylor & Francis Group, |
| Date of publication, distribution, etc | c.2013. |
| 300 ## - PHYSICAL DESCRIPTION | |
| Extent | xxii, 562 p. : |
| Other physical details | ill. ; |
| Dimensions | 26 cm. |
| 490 0# - Series Statement | |
| Series statement | Organic chemistry / natural products chemistry. |
| 500 ## - GENERAL NOTE | |
| General note | Index : p. 551-562. |
| 504 ## - BIBLIOGRAPHY, ETC. NOTE | |
| Bibliography, etc | Includes bibliographical references. |
| 520 ## - SUMMARY, ETC. | |
| Summary, etc | "Natural products play crucial roles in modern drug development and constitute a prolific source of novel lead compounds or pharmacophores for ongoing drug discovery programs. Chemistry and Pharmacology of Naturally Occurring Bioactive Compounds presents cutting-edge research in the chemistry of bioactive natural products and demonstrates how natural product research continues to make significant contributions in the discovery and development of new medicinal entities."--Page [4] of cover. |
| 650 #7 - SUBJECT ADDED ENTRY--TOPICAL TERM | |
| Topical term or geographic name as entry element | Bioactive compounds. |
| Source of heading or term | BUEsh |
| 9 (RLIN) | 39013 |
| 650 #7 - SUBJECT ADDED ENTRY--TOPICAL TERM | |
| Topical term or geographic name as entry element | Natural products. |
| Source of heading or term | BUEsh |
| 9 (RLIN) | 39012 |
| 650 #0 - SUBJECT ADDED ENTRY--TOPICAL TERM | |
| Topical term or geographic name as entry element | Bioorganic chemistry. |
| Source of heading or term | BUEsh |
| 653 ## - INDEX TERM--UNCONTROLLED | |
| Resource For college | Pharmacy |
| Arrived date list | March2016 |
| 700 1# - ADDED ENTRY--PERSONAL NAME | |
| Personal name | Brahmachari, Goutam, |
| Relator term | editor. |
| 942 ## - ADDED ENTRY ELEMENTS (KOHA) | |
| Source of classification or shelving scheme | Dewey Decimal Classification |
| Withdrawn status | Item status | Source of classification or shelving scheme | Damaged status | Not for loan | Vendor | Home library | Current library | Shelving location | Date acquired | Source of acquisition | Cost, normal purchase price | Serial Enumeration / chronology | Total Checkouts | Full call number | Barcode | Date last seen | Cost, replacement price | Koha item type |
|---|---|---|---|---|---|---|---|---|---|---|---|---|---|---|---|---|---|---|
| Dewey Decimal Classification | Central Library | Central Library | First floor | 13/03/2016 | Purchase | 1350.00 | 2 | 615.1 CHE | 000032011 | 15/07/2025 | 1690.00 | Book - Borrowing |